Aspectos jurídicos y regulatorios con impacto sobre la transformación, fusión y escisión de la sociedad anónima (Registro nro. 20815)

Detalles MARC
000 -LEADER
fixed length control field 00405 a2200109 4500
001 - CONTROL NUMBER
control field ART_38230
005 - DATE AND TIME OF LATEST TRANSACTION
control field 20260410161804.0
008 - FIXED-LENGTH DATA ELEMENTS--GENERAL INFORMATION
fixed length control field 260409a
100 1# - MAIN ENTRY--PERSONAL NAME
Personal name Papa, Rodolfo G.
245 10 - TITLE STATEMENT
Title Aspectos jurídicos y regulatorios con impacto sobre la transformación, fusión y escisión de la sociedad anónima
773 0# - HOST ITEM ENTRY
Title Doctrina Societaria y Concursal
Related parts - Nº 328 (mar. 2015)
Record control number REV4298

No hay ítems disponibles.